[Event "Muensterland Verbandsliga 1213"]
[Site "Germany"]
[Date "2013.03.09"]
[Round "7.8"]
[White "Weng, Peter"]
[Black "Scharlow, Siegmar"]
[Result "1/2-1/2"]
[WhiteElo "1666"]
[BlackElo "1784"]
[PlyCount "24"]
[EventDate "2012.09.22"]
[EventType "team-tourn"]
[EventRounds "9"]
[EventCountry "GER"]
[SourceTitle "EXT 2015"]
[Source "ChessBase"]
[SourceDate "2014.11.20"]
[SourceVersion "1"]
[SourceVersionDate "2014.11.20"]
[SourceQuality "1"]
[WhiteTeam "Sendenhorst"]
[BlackTeam "Nienberge"]
[WhiteTeamCountry "GER"]
[BlackTeamCountry "GER"]

1. d4 Nf6 2. e3 d5 3. Bd3 c5 4. c3 Bg4 5. f3 Bd7 6. dxc5 e5 7. b4 a5 8. Qb3 b6 9. cxb6 axb4 10. cxb4 Qxb6 11. Bd2 Nc6 12. Ne2 Nxb4 1/2-1/2

[Event "NRW Class2 1112"]
[Site "Germany"]
[Date "2012.01.08"]
[Round "5.8"]
[White "Weng, Peter"]
[Black "Bykovskij, Sergej"]
[Result "0-1"]
[WhiteElo "1690"]
[BlackElo "2025"]
[PlyCount "74"]
[EventDate "2011.09.18"]
[EventType "team-tourn"]
[EventRounds "9"]
[EventCountry "GER"]
[SourceTitle "EXT 2015"]
[Source "ChessBase"]
[SourceDate "2014.11.20"]
[SourceVersion "1"]
[SourceVersionDate "2014.11.20"]
[SourceQuality "1"]
[WhiteTeam "Sendenhorst"]
[BlackTeam "Herford"]
[WhiteTeamCountry "GER"]
[BlackTeamCountry "GER"]

1. e4 d6 2. d3 g6 3. Nc3 Bg7 4. Bd2 c6 5. Be2 Nd7 6. f4 e6 7. Nf3 Ne7 8. Rb1 b5 9. Qc1 Bb7 10. 0-0 a6 11. Nd1 0-0 12. Bc3 Qb6+ 13. Kh1 c5 14. Bxg7 Kxg7 15. Ne3 d5 16. e5 d4 17. Nd1 h5 18. Nh4 Rfe8 19. Bf3 Nf5 20. Nxf5+ exf5 21. Bxb7 Qxb7 22. Qd2 f6 23. exf6+ Nxf6 24. c3 Nd5 25. cxd4 cxd4 26. Qf2 Qb6 27. Re1 Qc5 28. g3 Kf7 29. Nc3 Ne3 30. Ne2 Qd5+ 31. Kg1 Re7 32. Nc3 dxc3 33. Rxe3 Rxe3 34. Qxe3 Re8 35. Qf2 Qxa2 36. Qc2 Re2 37. Qxe2 Qxb1+ 0-1

[Event "Muensterland Verbandsklasse-A 0506"]
[Site "Germany"]
[Date "2006.04.08"]
[Round "8.8"]
[White "Stoecker, Ralph"]
[Black "Weng, Peter"]
[Result "1-0"]
[WhiteElo "2038"]
[BlackElo "1778"]
[PlyCount "111"]
[EventDate "2005.09.03"]
[EventType "team-tourn"]
[EventRounds "9"]
[EventCountry "GER"]
[SourceTitle "EXT 2006"]
[Source "ChessBase"]
[SourceDate "2005.11.24"]
[SourceVersion "1"]
[SourceVersionDate "2005.11.24"]
[SourceQuality "1"]
[WhiteTeam "Ibbenbueren"]
[BlackTeam "Sendenhorst"]
[WhiteTeamCountry "GER"]
[BlackTeamCountry "GER"]

1. f4 e6 2. Nf3 b6 3. e3 Bb7 4. d4 Nf6 5. Bd3 c5 6. 0-0 Qc7 7. c3 Be7 8. Qe1 d5 9. Nbd2 Ne4 10. Qe2 Nd7 11. Ne5 Nxe5 12. fxe5 Nxd2 13. Bxd2 f5 14. exf6 Bxf6 15. Qh5+ Qf7 16. Bb5+ Ke7 17. Qg4 Qg6 18. Qe2 c4 19. e4 Qxe4 20. Qxe4 dxe4 21. Bxc4 Rac8 22. Bb3 Bd5 23. Rac1 Rhf8 24. Kh1 Bh4 25. Rxf8 Kxf8 26. c4 Bb7 27. Ba4 Kg8 28. Bd7 Rf8 29. Bxe6+ Kh8 30. Be3 h6 31. d5 Bf6 32. b3 Bb2 33. Rb1 Be5 34. Kg1 Bd6 35. Bd4 Bc8 36. Re1 Bxe6 37. dxe6 Rf4 38. g3 Rg4 39. Kg2 Kg8 40. Bf2 Kf8 41. h3 Rg6 42. Rxe4 Ke7 43. g4 Rxe6 44. Kf3 Kd7 45. Rxe6 Kxe6 46. Ke4 g6 47. Be1 Ba3 48. Bg3 Bc5 49. Bb8 a6 50. Bf4 h5 51. gxh5 gxh5 52. Be3 Bxe3 53. Kxe3 Ke5 54. b4 a5 55. c5 bxc5 56. bxa5 1-0

[Event "Muensterland Verbandsklasse-A 0203"]
[Site "Muensterland"]
[Date "2003.03.15"]
[Round "7.8"]
[White "Speer, Dominik"]
[Black "Weng, Peter"]
[Result "1/2-1/2"]
[WhiteElo "1864"]
[BlackElo "1705"]
[PlyCount "62"]
[EventDate "2002.09.28"]
[EventType "team-tourn"]
[EventRounds "9"]
[EventCountry "GER"]
[SourceTitle "EXT 2004"]
[Source "ChessBase"]
[SourceDate "2003.11.25"]
[SourceVersion "1"]
[SourceVersionDate "2003.11.25"]
[SourceQuality "1"]
[WhiteTeam "Muenster SK III"]
[BlackTeam "Sendenhorst"]
[WhiteTeamCountry "GER"]
[BlackTeamCountry "GER"]

1. c4 e6 2. Nf3 b6 3. g3 Bb7 4. Bg2 g6 5. Nc3 Bg7 6. 0-0 Ne7 7. d4 d6 8. e4 Nd7 9. Bg5 h6 10. Be3 e5 11. Qc1 Nc6 12. dxe5 Ncxe5 13. Nxe5 Nxe5 14. Qc2 Qd7 15. Nd5 c6 16. Nf4 0-0 17. Rac1 Rad8 18. Rfd1 Qe7 19. Qa4 Ba8 20. Bd4 c5 21. Bc3 Bc6 22. Nd5 Qb7 23. Qc2 Bxd5 24. Rxd5 Nc6 25. Bxg7 Kxg7 26. e5 Qc7 27. Qe4 Nxe5 28. f4 Nd7 29. Qe7 Rfe8 30. Qxd6 Qxd6 31. Rxd6 Nf6 1/2-1/2